Statistics for They Don't Know About Us - One Direction (All lyrics)

Click here to take the quiz!

General Stats

  • This quiz has been taken 44 times
  • The average score is 365 of 391

Answer Stats

Lyrics% Correct
a
100%
about
100%
do
100%
don't
100%
know
100%
the
100%
they
100%
They
100%
things
100%
us
100%
we
100%
be
97%
But
97%
I
97%
love
97%
you
97%
bet
94%
just
94%
Just
94%
knew
94%
of
94%
only
94%
that
94%
to
94%
if
91%
jealous
91%
my
91%
nights
91%
this
91%
wait
91%
what
91%
would
91%
you're
91%
all
88%
feels
88%
forever
88%
getting
88%
girl
88%
is
88%
I've
88%
life
88%
People
88%
right
88%
say
88%
shouldn't
88%
stronger
88%
tell
88%
together
88%
too
88%
up
88%
wanna
88%
world
88%
young
88%
any
85%
it
85%
little
85%
mine
85%
talking
85%
waited
85%
and
82%
Baby
82%
find
82%
longer
82%
me
82%
oh
82%
our
82%
them
82%
We're
82%
better
79%
Cause
79%
how
79%
It's
79%
secret
79%
they're
79%
Every
76%
time
76%
between
73%
gets
73%
So
73%
want
73%
done
70%
heart
70%
kiss
70%
One
70%
special
70%
you've
70%
are
67%
best
67%
can
67%
Keeps
67%
sweeter
67%
believer
64%
touch
64%
anything
61%
was
61%
That's
58%

Score Distribution

Percentile by Number Answered

Percent of People with Each Score

Your Score History

You have not taken this quiz